000 00853nam a2200193 i 4500
001 47786
003 ES-MaACL
005 20230906161630.0
007 t|
008 030527s1853 sp ||||1| spa d
100 1 _aBert, Juan.
_928417
245 1 0 _aRespuesta por el señor Bert a la contestación de los señores Lletget, Masarnau y Blesa al folleto que ha publicado el señor Bert contra el dictamen que dieron al Tribunal Eclesiástico sobre el producto titulado Cera Vegetal.
260 _aMadrid :
_b[s.n.],
_c1853 (
_fImp. J.M. González)
300 _a24 p. ;
_c21 cm.
530 _aDisponible en formato digital.
650 4 _aCeras.
_9158073
852 _aES-MaACL
_jT-28-F-2.-
_zEnc. hol., falto de la enc. original.- Enc. en un vol. facticio
856 _uhttp://bdh-rd.bne.es/viewer.vm?id=0000130894&page=1
_zBiblioteca Digital Hispánica
999 _c47786
_d47786